000 00461nam a2200181Ia 4500
001 8310
005 20260306160559.0
008 260306t2012||||xx |||||||||||||| ||spa||
041 _aESP
082 _a370.153
_bL87
100 _aLópez González, Luis
_eAUT
245 0 _aRelajación en el aula:
_brecursos para la educación emocional
260 _c2012
300 _a427 páginas :
_c24 cm.
650 _aGEN
654 _aCED
942 _cLIB
_dJUS
_fJUS
_2ddc
_n
999 _c8310
_d8310